লোডিং...

International encyclopedia of Sustainable development Vol 2 Green movements

গ্রন্থ-পঞ্জীর বিবরন
প্রধান লেখক: Sinha, P C
বিন্যাস: Printed Book
প্রকাশিত: NewDelhi, Anmol 1998
বিষয়গুলি:
LEADER 004920000a22001450004500
020 |a 81-7488-678-8 
082 |a 333.7153 SIN 
100 |a Sinha, P C  |9 138460 
245 |a International encyclopedia of Sustainable development Vol 2 Green movements 
260 |a NewDelhi, Anmol 
260 |c 1998 
650 |a Green movements  |9 138461 
942 |c BK 
999 |c 177880  |d 177876 
952 |0 0  |1 0  |4 0  |6 333_715300000000000_SIN  |7 0  |9 176330  |a SES  |b SES  |d 2019-05-16  |l 0  |o 333.7153 SIN  |p SES01745  |r 2019-05-16  |w 2019-05-16  |y BK